00850cam a22002894a 450000100090000000300040000900500170001300800410003001000150007102000180008602000150010404000170011904200080013605000190014410000220016324501030018525000120028826000530030030000190035350000720037250000220044450500150046665000290048170000220051094200120053299900160054413433191OSt20211130135452.0031212s2005 maua 001 0 eng  a2008938344 a9780324827316 a0324827318 aDLCcLCdDLC apcc00aHD58.7.M82(9e) qMoorhead, Gregory10aOrganizational behavior: managing people and organizations. /cGregory Moorhead, Ricky W. Griffin. a9th ed. aMason:bSouth-Western, Cengage learning, c2010. axxiv, 568 p. : aSubtitle on cover: Emerging realities for the workplace revolution. aIncludes indexes. aContents:  0aOrganizational behavior. qGriffin, Ricky W. 2lcccBK c8171d15671